[Event "1st Hotel Bern Open"]
[Site "Bern SUI"]
[Date "2006.12.27"]
[Round "3"]
[White "Vajda,L"]
[Black "Kolly,J"]
[Result "1-0"]
[WhiteElo "2534"]
[BlackElo "2227"]

1.Nf3 d5 2.g3 e6 3.Bg2 Bd6 4.O-O c5 5.d3 Nc6 6.Nbd2 Nge7 7.e4 b6 8.Re1 Bb7
9.c3 Bc7 10.e5 b5 11.d4 c4 12.h4 Qd7 13.Nf1 O-O-O 14.Bd2 Kb8 15.a4 bxa4 16.Rxa4 Na5
17.Bg5 Rc8 18.Bxe7 Qxe7 19.N3d2 Bb6 20.Ne3 Qc7 21.h5 h6 22.f4 g6 23.hxg6 fxg6
24.Bh3 Rce8 25.Ng4 Bc8 26.Nf6 Ref8 27.Qc2 g5 28.Qg6 Nc6 29.Nf3 Ne7 30.Qc2 Ng8
31.Nh5 Qf7 32.g4 gxf4 33.b3 Bb7 34.Rf1 Ne7 35.Nf6 Ng8 36.Nh5 Ne7 37.Kh2 cxb3
38.Qxb3 Nc6 39.Nh4 Qh7 40.Qd1 Bd8 41.Ng2 f3 42.Ngf4 Qf7 43.Rxf3 Rhg8 44.Ra2 Qe8
45.Raf2 Bh4 46.Rb2 Bd8 47.Nd3 Rxf3 48.Qxf3 Rf8 49.Nf6 Bxf6 50.exf6 Ka8 51.Nc5 Nd8
52.Qf4 Rf7 53.Qxh6 e5 54.g5 exd4 55.cxd4 Qe3 56.Qh4 Qc1 57.Rf2 Qb1 58.g6 Qxg6
59.Qh8  1-0

[Event "Czech Christmas"]
[Site "Litomysl CZE"]
[Date "2006.12.27"]
[Round "2"]
[White "Machlowski,S"]
[Black "Vukovic,Ivo"]
[Result "1/2-1/2"]
[WhiteElo "2122"]
[BlackElo "2304"]

1.g3 d5 2.Nf3 Nf6 3.Bg2 c6 4.c4 e6 5.cxd5 exd5 6.Qc2 Be7 7.O-O O-O 8.d3 Re8
9.e4 h6 10.h3 Na6 11.a3 Nc5 12.Nc3 dxe4 13.dxe4 Qd3 14.Qxd3 Nxd3 15.Rd1 Nc5
16.Nd4 Bf8 17.f3 a5 18.Be3 a4 19.Rac1 Ra5 20.Bf2 Ra8 21.Nce2 Ra5 22.Kh2 g6
23.Be1 Ra8 24.Bc3 Nfd7 25.Rc2 h5 26.Nf4 Na6 27.Bf1 Ne5 28.Kg2 Bh6 29.Bd2 Bg7
30.Be3 Bf6 31.Nfe2 Nd7 32.Nc3 Nac5 33.Bc4 Kg7 34.Nce2 Ra5 35.Bf2 Ra8 36.Ba2 Na6
37.Nf4 Ne5 38.Nfe2 Nd7 39.Nc1 Nf8 40.Nde2 Nd7 41.Rcd2 Ndc5 42.Nf4 Bg5 43.Be3 Bf6
44.Nfe2 Nd7 45.Rc2 Nf8 46.Nf4 Nc7 47.Ncd3 Nfe6 48.Ne2 Nf8 49.Bb6 Nfe6 50.Rcd2 Ra6
51.Bf2 Ra8 52.Bb6 Ra6 53.Bf2  1/2-1/2

[Event "1st Hotel Bern Open"]
[Site "Bern SUI"]
[Date "2006.12.28"]
[Round "4"]
[White "Ivkov,B"]
[Black "Zimmermann,Pe"]
[Result "1-0"]
[WhiteElo "2456"]
[BlackElo "2196"]

1.Nf3 d5 2.g3 Nf6 3.Bg2 c6 4.O-O Bf5 5.d3 e6 6.Nbd2 h6 7.b3 Be7 8.Bb2 O-O
9.c4 Nbd7 10.Ne5 Nxe5 11.Bxe5 Nd7 12.Bc3 Bf6 13.Qc1 Bg6 14.b4 b5 15.Bxf6 Qxf6
16.cxb5 cxb5 17.Nb3 Rfc8 18.Qd2 Bh5 19.Rfc1 Qe5 20.Bf1 f5 21.Rxc8+ Rxc8 22.Rc1 Rf8
23.Qc3 f4 24.Qxe5 Nxe5 25.Nd4 fxg3 26.hxg3 Ng4 27.f3 Ne3 28.Nxe6 Rf6 29.Bh3 g5
30.Rc8+ Kh7 31.Rf8 Bf7 32.Nd4 Kg7 33.Rc8 g4 34.fxg4 h5 35.gxh5 Bxh5 36.Rc7+ Kh6
37.Re7 Nd1 38.Nf5+ Kg5 39.Rg7+ Bg6 40.Nh4 Nc3 41.Re7 Bh5 42.Re5+ Kh6 43.g4  1-0

[Event "Weihnachtsopen Masters"]
[Site "Zurich SUI"]
[Date "2006.12.28"]
[Round "4"]
[White "Schmid,Mi1"]
[Black "Eschbach,D"]
[Result "0-1"]
[WhiteElo "2214"]
[BlackElo "2371"]

1.Nf3 d5 2.g3 Nf6 3.Bg2 Bg4 4.h3 Bh5 5.O-O Nbd7 6.d3 e5 7.Qe1 e4 8.Nh2 Bc5
9.Nc3 Bg6 10.Qd1 c6 11.d4 Bd6 12.Bg5 h6 13.Bxf6 Nxf6 14.e3 h5 15.Ne2 Bf5
16.h4 Qd7 17.Nf4 O-O-O 18.c4 dxc4 19.Rc1 Rdg8 20.Rxc4 Kb8 21.Re1 g5 22.hxg5 Rxg5
23.Nf1 h4 24.gxh4 Rxh4 25.Ng3 Nd5 26.Kf1 Bxf4 27.exf4 Nxf4 28.Qd2 Bh3  0-1

[Event "1st Hotel Bern Open"]
[Site "Bern SUI"]
[Date "2006.12.29"]
[Round "6"]
[White "Ivkov,B"]
[Black "Kappeler,K"]
[Result "1-0"]
[WhiteElo "2456"]
[BlackElo "2160"]

1.Nf3 d5 2.g3 Nf6 3.Bg2 c6 4.O-O Bf5 5.d3 e6 6.Nbd2 Be7 7.b3 a5 8.a3 O-O
9.Bb2 Nbd7 10.c4 Bg6 11.Qc2 Qb8 12.Rfc1 Rc8 13.Qd1 Ne8 14.Qe1 Bf8 15.d4 Nef6
16.Nh4 b5 17.c5 e5 18.b4 a4 19.dxe5 Nxe5 20.Bxe5 Qxe5 21.Ndf3 Qc7 22.Nxg6 hxg6
23.Nd4 Re8 24.Qd2 Ne4 25.Qf4 Qd7 26.Rc2 g5 27.Qf5 Qc7 28.Bxe4 Rxe4 29.Rd1 g4
30.f3 g6 31.Qf6 Bg7 32.Qxg7+ Kxg7 33.fxe4 dxe4 34.Rcd2 Re8 35.e3 Re5 36.Ne2 Re6
37.Nf4 Re7 38.Rd6 Re5 39.R1d4 Re7 40.Rd8 Qe5 41.R8d6 g5 42.Nh5+ Kh7 43.Nf6+ Kg7
44.Rxc6 Qf5 45.Nh5+ Kh7 46.Rf6 Qe5 47.c6 Re6 48.Rxe6 fxe6 49.c7 Qh8 50.Nf6+ Kg6
51.Rd8  1-0

[Event "27th Open A"]
[Site "Bethune FRA"]
[Date "2006.12.29"]
[Round "8"]
[White "Foisor,C"]
[Black "Cappon,J"]
[Result "0-1"]
[WhiteElo "2401"]
[BlackElo "2240"]

1.Nf3 d5 2.g3 c6 3.Bg2 Bg4 4.d3 Nf6 5.Nbd2 Nbd7 6.h3 Bh5 7.O-O e5 8.e4 dxe4
9.dxe4 Bc5 10.Qe2 O-O 11.Rd1 Re8 12.Nf1 Bxf3 13.Bxf3 Qc7 14.h4 Rad8 15.c3 Nf8
16.Rxd8 Rxd8 17.b4 Be7 18.Be3 a5 19.Rb1 axb4 20.cxb4 Ne6 21.Bg2 Nd4 22.Qb2 Ng4
23.Bg5 h6 24.Bxe7 Qxe7 25.a3 g6 26.Rd1 Qd6 27.Rd2 c5 28.Kh1 cxb4 29.axb4 Qe7
30.f3 Nf6 31.Ne3 Nc6 32.Rxd8+ Qxd8 33.b5 Nd4 34.f4 Nh5 35.Qf2 Ne2 36.fxe5 Nhxg3+
37.Kh2 Qxh4+ 38.Bh3 Qxe4 39.Bg2 Qxe5 40.Ng4 Nf1+  0-1

[Event "Masters"]
[Site "Singapore SIN"]
[Date "2006.12.29"]
[Round "8"]
[White "Dableo,R"]
[Black "Gokhale,C"]
[Result "0-1"]
[WhiteElo "2425"]
[BlackElo "2375"]

1.Nf3 d5 2.g3 Nf6 3.Bg2 g6 4.O-O Bg7 5.d3 O-O 6.Nbd2 c5 7.e4 Nc6 8.Re1 h6
9.a4 Be6 10.h3 Qc7 11.exd5 Nxd5 12.Nc4 Rad8 13.Qe2 Ndb4 14.Be3 b6 15.Rab1 Rfe8
16.Kh2 Bxc4 17.dxc4 Nd4 18.Nxd4 cxd4 19.Bd2 d3 20.cxd3 Nxd3 21.Red1 Nxb2
22.Rxb2 Bxb2 23.Bf4 e5 24.Rxd8 Rxd8 25.Bxh6 Ba3 26.Bd5 Bf8 27.Bg5 Be7 28.Be3 Kg7
29.h4 Bc5 30.Bd2 f6 31.Kg2 Qd7 32.Bc3 Rh8 33.Qf3 Rh5 34.Be1 Qxa4 35.Be6 Qe8
36.Qb7+ Qe7 37.Qc6 Rh8 38.Bg4 a5 39.h5 gxh5 40.Bf5 Rd8 41.Qf3 Qf7 42.Bc3 Qxc4
43.Qxh5 Qd5+  0-1

[Event "Weihnachtsopen Masters"]
[Site "Zurich SUI"]
[Date "2006.12.29"]
[Round "5"]
[White "Troyke,C"]
[Black "Waffenschmidt,J"]
[Result "1-0"]
[WhiteElo "2390"]
[BlackElo "2100"]

1.g3 d5 2.Nf3 Nf6 3.Bg2 Bg4 4.c4 c6 5.Ne5 Bh5 6.cxd5 cxd5 7.Nc3 e6 8.Qa4+ Nbd7
9.g4 Bg6 10.h4 b5 11.Nxb5 Nxe5 12.Nc7+ Ke7 13.Nxa8 Qxa8 14.h5 Nexg4 15.hxg6 fxg6
16.d3 Qb8 17.Qb3 Qc7 18.Bd2 Kf7 19.Rc1 Qd7 20.Qb8 Ne8 21.Bh3 Bd6 22.Qc8 Ngf6
23.Qxd7+ Nxd7 24.Be3 a5 25.Rc8 Rf8 26.O-O Nc7 27.Rxf8+ Kxf8 28.Rc1 Ke7 29.Bd4 e5
30.Bxd7 exd4 31.Bc8 h5 32.Kg2 g5 33.Bf5 Kf6 34.Rc6 Ke5 35.Bd7 g6 36.f3 Na8
37.Ra6 Nc7 38.Rxa5 Kf4 39.Bc6 Ke3 40.a3 Kxe2 41.Bxd5 g4 42.fxg4 Kxd3 43.gxh5 gxh5
44.Bb3 Kd2 45.Rxh5 Kc1 46.Rh3 Kxb2 47.Bc4 Kc2 48.Rb3 Bc5 49.a4 Na6 50.Rb5 d3
51.Ra5 d2 52.Be2 d1=Q 53.Bxd1+ Kxd1 54.Rxa6 Kd2 55.Rc6 Bb4 56.Rc4 Ba5 57.Rc5 Bb4
58.Rb5 Kc3 59.a5  1-0

[Event "15th Donau Open"]
[Site "Aschach an der Donau AUT"]
[Date "2006.12.31"]
[Round "7"]
[White "Rusev,K"]
[Black "Wiesinger,R"]
[Result "0-1"]
[WhiteElo "2409"]
[BlackElo "2241"]

1.Nf3 d5 2.g3 Bg4 3.Bg2 Nd7 4.c4 e6 5.d3 c6 6.cxd5 cxd5 7.Nc3 Ngf6 8.h3 Bxf3
9.Bxf3 Be7 10.O-O O-O 11.e4 dxe4 12.dxe4 e5 13.Bg2 Bc5 14.g4 Nb8 15.g5 Nfd7
16.Kh1 Nc6 17.f4 exf4 18.Bxf4 Nde5 19.h4 Nd3 20.Bg3 Nxb2 21.Qh5 Bd4 22.Nd5 Nc4
23.Rad1 Qa5 24.Rf5 Qa3 25.Bh2 Qxa2 26.Rxd4 Nxd4 27.g6 h6 28.Ne7+ Kh8 29.gxf7 Nxf5
30.Ng6+ Kh7 31.Qxf5 Qxg2+  0-1

[Event "Czech Christmas"]
[Site "Litomysl CZE"]
[Date "2006.12.31"]
[Round "8"]
[White "Machlowski,S"]
[Black "Kantorik,M"]
[Result "0-1"]
[WhiteElo "2122"]
[BlackElo "2364"]

1.g3 d5 2.Nf3 Nf6 3.Bg2 c5 4.O-O Nc6 5.d4 e6 6.c4 dxc4 7.Ne5 Nxe5 8.dxe5 Nd5
9.a4 Be7 10.Na3 c3 11.Nc4 cxb2 12.Bxb2 O-O 13.Qb1 b6 14.Rd1 Ba6 15.Ne3 Bb7
16.Be4 Qc7 17.Bxh7+ Kh8 18.Ng4 Rad8 19.Rc1 Rd7 20.Rc4 Rfd8 21.Be4 Ba6 22.Bxd5 Rxd5
23.Re4 Qd7 24.Bc1 Rd1+ 25.Kg2 Bb7 26.Ne3 Rxc1  0-1

[Event "Hilton Open"]
[Site "Basel SUI"]
[Date "2007.01.04"]
[Round "4"]
[White "Ivkov,B"]
[Black "Fernandez Aguado,JL"]
[Result "0-1"]
[WhiteElo "2430"]
[BlackElo "2312"]

1.Nf3 d5 2.g3 c6 3.Bg2 Bg4 4.d3 Nd7 5.h3 Bh5 6.c4 e6 7.O-O Bc5 8.Nc3 Ne7
9.Bf4 Bxf3 10.Bxf3 Ng6 11.Qc1 Nxf4 12.Qxf4 Qb8 13.Qxb8+ Rxb8 14.cxd5 exd5
15.Rab1 O-O 16.Rfc1 Bd4 17.Na4 b5 18.Nc3 Ne5 19.Bg2 Bb6 20.Kf1 f5 21.f4 Ng6
22.Nd1 Ne7 23.Rc2 Rf6 24.Bf3 Rd8 25.Rd2 c5 26.b3 h6 27.a4 bxa4 28.bxa4 g5
29.e3 d4 30.fxg5 hxg5 31.Kg2 Re6 32.Re2 Nd5 33.exd4 Rxe2+ 34.Bxe2 cxd4 35.Rc1 Ne3+
36.Nxe3 dxe3 37.a5 Bd4 38.Rc7 Rd5 39.a6 Ra5 40.Rd7 Bb6 41.d4 Ra4 42.Rd5 Kg7
43.Rxf5 Kg6 44.Bd3 Rxd4 45.Rd5+ Rxd3 46.Rxd3 e2 47.Rd6+ Kf7  0-1

[Event "ch-NZL 2006-7"]
[Site "Wanganui NZL"]
[Date "2007.01.04"]
[Round "3"]
[White "Dive,RJ"]
[Black "Burns,C"]
[Result "1-0"]
[WhiteElo "2350"]
[BlackElo "2017"]

1.Nf3 d5 2.g3 c5 3.Bg2 g6 4.c4 d4 5.b4 cxb4 6.a3 Bg7 7.d3 bxa3 8.O-O h5 9.Nbd2 Nh6
10.Bxa3 Nc6 11.Ra2 Rb8 12.Qa1 O-O 13.Rb1 Nf5 14.Ne1 Qc7 15.Ne4 b6 16.Nc2 a5
17.Bc1 Be5 18.Bd2 h4 19.Rab2 hxg3 20.hxg3 Kg7 21.Be1 Rh8 22.Qa3 Nd6 23.c5 Nxe4
24.Bxe4 bxc5 25.Qxc5 Rxb2 26.Rxb2 Bd7 27.Rb5 Bd6 28.Qb6 Rb8 29.Qxc7 Bxc7
30.Bxc6 Bxc6 31.Rc5 Rb6 32.Bxa5 Rb1+ 33.Be1 Ba4 34.Rxc7 Bxc2 35.Kf1 Bb3 36.Rxe7 Be6
37.f3 Kf6 38.Ra7 Ke5 39.Kf2 Rb2 40.Ba5 Kd5 41.Bd8 Ke5 42.Ra5+ Kd6 43.Ra4 Kd5
44.Bf6 Bd7 45.Rxd4+ Ke6 46.Rxd7 Kxf6 47.Ke3 Rb6 48.Kf4 Re6 49.e4 Rb6 50.d4 Ke6
51.Ra7 f6 52.d5+ Kd6 53.Rg7 g5+ 54.Kf5 Rb3 55.Kg4 Rb4 56.Rf7  1-0

[Event "Masters 2006-7"]
[Site "Hastings ENG"]
[Date "2007.01.05"]
[Round "9"]
[White "McNab,C"]
[Black "Lalic,B"]
[Result "0-1"]
[WhiteElo "2433"]
[BlackElo "2491"]

1.Nf3 d5 2.g3 Nf6 3.Bg2 g6 4.c4 dxc4 5.Qa4+ c6 6.Qxc4 Bg7 7.O-O O-O 8.d4 Bf5
9.Bf4 Nbd7 10.Nc3 Qb6 11.Rfe1 Qxb2 12.e4 Nxe4 13.Nxe4 Bxe4 14.Qf1 Bxf3 15.Bxf3 Bxd4
16.Rab1 Qa3 17.Rb3 Qc5 18.Rxb7 Ne5 19.Bxe5 Bxe5 20.Qg2 Qa5 21.Re2 Rad8 22.h4 Bf6
23.Bxc6 Rd1+ 24.Kh2 Rfd8 25.Rb5 Qa6 26.Rc2 R1d2 27.Rbc5 Qb6 28.Qf3 h5 29.Qe3 Rxc2
30.Rxc2 Qxe3 31.fxe3 Rd3 32.Re2 Kg7 33.Kg2 Be5 34.Kf2 Bc7 35.Be4 Ra3 36.Bd5 Bb6
37.Bb3 a5 38.Kf3 f5 39.Kf4 a4 40.Be6 Kf6 41.Bd7 e5+ 42.Kf3 e4+ 43.Kf2 g5
44.hxg5+ Kxg5 45.Be6 Kf6 46.Bd5 Ke5 47.Bf7 h4 48.gxh4 f4 49.Rb2 Bxe3+ 50.Kg2 Rc3
51.h5 Rc1  0-1

[Event "Petrovskaya Ladya GM"]
[Site "Peterhof RUS"]
[Date "2007.01.05"]
[Round "3"]
[White "Yevseev,D"]
[Black "Lintchevski,D"]
[Result "1/2-1/2"]
[WhiteElo "2522"]
[BlackElo "2449"]

1.Nf3 d5 2.g3 Nf6 3.Bg2 c6 4.O-O Bg4 5.c4 Nbd7 6.cxd5 cxd5 7.Nc3 e6 8.Qa4 a6
9.d3 b5 10.Qd1 Bd6 11.h3 Bxf3 12.Bxf3 O-O 13.e4 dxe4 14.Nxe4 Nxe4 15.dxe4 Be5
16.Qe2 Nc5 17.Be3 Na4 18.Rad1 Qe7 19.Bd4 Qf6 20.Bxe5 Qxe5 21.Rd2 Rad8 22.Rc2 Rc8
23.Rfc1 Rxc2 24.Rxc2 Rd8 25.Qe3 Nxb2 26.Qb6 Rf8 27.Be2 Na4 28.Qxa6 Qxe4 29.Qc6 Qxc6
30.Rxc6 b4 31.Bd1 Nc3 32.Bb3 Rb8 33.Kg2 Kf8 34.h4 Rb7 35.Kf3 Ke7 36.Ra6 Rb5
37.Ke3 Kf6 38.Kd3 Rb7 39.a4 h6 40.a5 g5 41.hxg5+ hxg5 42.Rc6 Rb5 43.a6 Ra5
44.Rb6 Ra3 45.Kc2 Ne4 46.Bc4 Nc5 47.Rc6 Nd7 48.Bb5 Ra5 49.Bf1 Nc5 50.Kb2 b3
51.Bc4 Ke5 52.a7 Na4+ 53.Kxb3 Rxa7 54.Bb5 Kd5 55.Bxa4 Rxa4 56.Rc7 Rd4 57.Rxf7 Ke4
58.Kc2 Rd3 59.Re7 Rd6 60.Rf7 e5 61.f3+ Ke3 62.Rf5 Rc6+  1/2-1/2

[Event "13th Festival A"]
[Site "Zupanja CRO"]
[Date "2007.01.06"]
[Round "4"]
[White "Arsovic,Z"]
[Black "Dabo Peranic,R"]
[Result "1-0"]
[WhiteElo "2457"]
[BlackElo "2307"]

1.Nf3 d5 2.g3 g6 3.c4 d4 4.Bg2 Bg7 5.O-O e5 6.e3 Nc6 7.exd4 exd4 8.d3 Nge7
9.Re1 O-O 10.Nbd2 h6 11.a3 a5 12.b3 g5 13.h3 Ng6 14.Nf1 Be6 15.g4 Qd7 16.Ra2 a4
17.bxa4 Ra7 18.Rb2 b6 19.Rb5 Rfa8 20.Ng3 Nce7 21.Nh2 Rb8 22.Nh5 Qd6 23.Nf3 c6
24.Rb1 f5 25.c5 Qd7 26.cxb6 Ra6 27.Nxg7 Kxg7 28.Nxd4 Bd5 29.Bxd5 Qxd5 30.Bb2 Kf7
31.a5 Nh4 32.Rxe7+ Kxe7 33.Nxf5+ Nxf5 34.gxf5 Rxa5 35.Qe2+ Kd7 36.Re1 Qf7
37.f6 Re8 38.Qg4+ Kd8 39.Rxe8+ Qxe8 40.b7 Kc7 41.f7  1-0

[Event "Keres Mem B"]
[Site "Tallinn EST"]
[Date "2007.01.07"]
[Round "3"]
[White "Seeman,T"]
[Black "Jegorovas,A"]
[Result "1/2-1/2"]
[WhiteElo "2425"]
[BlackElo "2262"]

1.g3 d5 2.Nf3 c6 3.Bg2 Bg4 4.O-O h5 5.c4 e6 6.Qb3 Qc7 7.d4 Nd7 8.Bf4 dxc4
9.Qxc4 Bd6 10.Bxd6 Qxd6 11.Nc3 Ngf6 12.Rfd1 O-O 13.b4 a6 14.Qb3 Bxf3 15.Bxf3 h4
16.Na4 hxg3 17.hxg3 Rad8 18.Nc5 Nxc5 19.bxc5 Qe7 20.Rab1 Rd7 21.Qe3 Rfd8
22.Rd3 Nh7 23.Bg2 Nf8 24.f4 Ng6 25.Qf2 f5 26.Bf3 Qf6 27.e3 Rc8 28.g4 fxg4
29.Bxg4 Ne7 30.Rdb3 Rcc7 31.Qg2 Nf5 32.R1b2 g6 33.Bxf5 exf5 34.Qg3 Qe6 35.Rg2 Rg7
36.Qf3 Rce7 37.Kf2 Qc4 38.Qe2 Qd5 39.Qf3 Qc4 40.Qe2 Qd5  1/2-1/2

[Event "13th Festival A"]
[Site "Zupanja CRO"]
[Date "2007.01.07"]
[Round "6"]
[White "Arsovic,Z"]
[Black "Sedlak,N"]
[Result "0-1"]
[WhiteElo "2457"]
[BlackElo "2561"]

1.Nf3 d5 2.g3 c6 3.Bg2 Bg4 4.c4 dxc4 5.O-O Nd7 6.Na3 Nb6 7.Ne5 Be6 8.d3 cxd3
9.Nxd3 Nf6 10.e4 g6 11.Qc2 Bg7 12.Nc5 Qc8 13.Bf4 O-O 14.Rac1 Bg4 15.f3 Nfd7
16.Be3 Nxc5 17.Bxc5 Be6 18.Bxe7 Re8 19.Bc5 Nd7 20.Bf2 Ne5 21.Rfd1 a5 22.b3 h5
23.f4 Ng4 24.Nc4 Nxf2 25.Qxf2 Bxc4 26.Rxc4 Rd8 27.Rcc1 a4 28.Qb6 axb3 29.axb3 Bb2
30.Rb1 Rxd1+ 31.Rxd1 Qg4 32.Rd8+ Kg7 33.h3 Qe2 34.Kh2 Ra2 35.Qg1 h4 36.gxh4 Bf6
37.Rd1 Qxe4 38.Qf1 Bxh4 39.Kh1 Qf5 40.Qc4 Bf6 41.Rf1 Rc2 42.Qe4 Qxe4 43.Bxe4 Re2
44.Bg2 Rb2 45.Rf3 c5 46.Bf1 Bd4 47.Bc4 f6 48.Rg3 f5 49.h4 Bf2 50.Rh3 Kh6
51.Rd3 Kh5 52.Rd6 Bxh4 53.Re6 Rf2 54.Rb6 Rxf4 55.Kg2 g5 56.Rxb7 Rf2+ 57.Kg1 Rd2
58.Rf7 f4 59.Kf1 Kg4 60.Be6+  0-1

[Event "Keres Mem WGM"]
[Site "Tallinn EST"]
[Date "2007.01.08"]
[Round "4"]
[White "Shvyrjov,I"]
[Black "Vahtra,T"]
[Result "1-0"]
[WhiteElo "2412"]
[BlackElo "1939"]

1.Nf3 d5 2.g3 e6 3.Bg2 Bd6 4.d3 Ne7 5.O-O O-O 6.e4 c5 7.Nc3 Nbc6 8.Ng5 f6
9.Nxe6 Bxe6 10.exd5 Bxg3 11.dxc6 Bc7 12.cxb7 Rb8 13.Re1 Bf7 14.Qg4 Ng6 15.Qh3 f5
16.Be3 f4 17.Bxc5 f3 18.Qxf3 Be6 19.Bxf8 Qh4 20.Bd6 Bxd6 21.Rxe6 Bxh2+ 22.Kf1 Rf8
23.Qe3 Nf4 24.Re8  1-0

[Event "13th Festival A"]
[Site "Zupanja CRO"]
[Date "2007.01.08"]
[Round "8"]
[White "Arsovic,Z"]
[Black "Dimitrov,Pa"]
[Result "0-1"]
[WhiteElo "2457"]
[BlackElo "2441"]

1.Nf3 d5 2.g3 Nd7 3.d4 Ngf6 4.Bg2 c6 5.O-O g6 6.c4 Bg7 7.cxd5 cxd5 8.Nc3 O-O
9.Bf4 a6 10.Qb3 e6 11.Rac1 Nb6 12.Rfd1 Nc4 13.a4 Nh5 14.Bg5 f6 15.Bd2 f5
16.Bg5 Qd6 17.e3 Bd7 18.Bf4 Nxf4 19.gxf4 Rfc8 20.Ne5 Na5 21.Qa2 Be8 22.Nd3 Bf7
23.Rc2 Rc7 24.Rdc1 Rac8 25.b4 Nc4 26.a5 Qe7 27.Na4 Be8 28.Nb6 Nxb6 29.axb6 Rxc2
30.Rxc2 Qd8 31.Rxc8 Qxc8 32.Nc5 Bb5 33.Bf1 Bc6 34.Qa5 Bf8 35.b5 axb5 36.Bxb5 Bxb5
37.Qxb5 Be7 38.Qa5 Bd6 39.Qa7 Bxc5 40.dxc5 Kf7 41.Qa3 h6 42.Qc3 Qc6 43.Qe5 Qxc5
44.Qc7+ Qe7 45.h4 e5 46.fxe5 Ke6 47.Qc8+ Kxe5 48.Qc7+ Ke6  0-1

[Event "Keres Mem A"]
[Site "Tallinn EST"]
[Date "2007.01.09"]
[Round "5"]
[White "Sepp,O"]
[Black "Sulashvili,M"]
[Result "1-0"]
[WhiteElo "2458"]
[BlackElo "2455"]

1.Nf3 d5 2.g3 c6 3.Bg2 Bg4 4.b3 Nd7 5.Bb2 e6 6.O-O a5 7.a3 Ngf6 8.d3 Bc5
9.Nbd2 O-O 10.e4 e5 11.h3 dxe4 12.dxe4 Bxf3 13.Qxf3 b5 14.Rfd1 Qe7 15.Nf1 Rfd8
16.Ne3 g6 17.a4 b4 18.Nc4 Ne8 19.Rd2 Nd6 20.Nxd6 Bxd6 21.Rad1 Bc7 22.Bf1 Nb6
23.h4 Rxd2 24.Rxd2 Rd8 25.Rxd8+ Qxd8 26.h5 Qg5 27.hxg6 hxg6 28.Qd3 Kg7 29.Qa6 Nd7
30.Kg2 Qd2 31.Qd3 Qxd3 32.Bxd3 f6 33.Bc4 Bb6 34.c3 Bc5 35.f4 exf4 36.gxf4 Bd6
37.cxb4 Bxb4 38.Kf3 Kf8 39.Kg4 Ke7 40.Bd4 Bd2 41.e5 fxe5 42.fxe5 c5 43.Bb2 Nf8
44.Kf3 Ne6 45.Ke4 g5 46.Ba3 Bf4 47.Kf5 Nd4+ 48.Ke4 Ne6 49.Bd5 Bd2 50.Bc4 Bf4
51.Be2 Bg3 52.Bg4 Kf7 53.Bc1 Nd4 54.Bxg5 Kg6 55.Bd8 Nxb3 56.e6 Nd2+ 57.Kd3 Bf4
58.e7 c4+ 59.Kc2  1-0

[Event "TCh-NOR 2006-7"]
[Site "Oslo NOR"]
[Date "2007.01.12"]
[Round "4"]
[White "Hagesaether,E"]
[Black "Moen,A"]
[Result "1/2-1/2"]
[WhiteElo "2193"]
[BlackElo "2299"]

1.Nf3 d5 2.g3 Nf6 3.Bg2 c6 4.O-O Bf5 5.d3 e6 6.Nbd2 h6 7.b3 a5 8.a4 Be7 9.Bb2 O-O
10.Ne5 Nfd7 11.Nxd7 Nxd7 12.e4 Bh7 13.Qe2 Re8 14.Kh1 Rb8 15.f4 Nc5 16.Be5 Rc8
17.Qf2 b5 18.Bd4 Na6 19.f5 exf5 20.exf5 Nb4 21.c3 Nc2 22.Bb6 Qd7 23.Ra2 Na3
24.Bc5 b4 25.cxb4 axb4 26.g4 h5 27.h3 hxg4 28.hxg4 Bxc5 29.Qxc5 Qe7 30.Qxe7 Rxe7
31.Rf4 Re2 32.Bf1 Re1 33.Rxb4 Nb1 34.Ra1 Rd1 35.Rxb1 Rxd2 36.Re1 g6 37.f6 g5
38.Kg1 c5 39.Rb7 Bxd3 40.Bxd3 Rxd3 41.Re5 Rg3+ 42.Kh2 Rxg4 43.Rxd5 Kh7 44.Rxf7+ Kg6
45.Rg7+ Kxf6 46.Rh7 Ke6 47.Rd3 Rb4 48.Rhh3 c4 49.Rhe3+ Kf5 50.Rf3+ Ke4  1/2-1/2

[Event "XXXII Open"]
[Site "Seville ESP"]
[Date "2007.01.12"]
[Round "6"]
[White "Dizdar,G"]
[Black "Campora,D"]
[Result "1/2-1/2"]
[WhiteElo "2541"]
[BlackElo "2510"]

1.Nf3 d5 2.g3 Bg4 3.Bg2 Nd7 4.c4 e6 5.cxd5 exd5 6.O-O Ngf6 7.Nc3 c6 8.d3 Bc5
9.Qb3 Bb6 10.Na4 O-O 11.Nxb6 axb6 12.Qc2 Re8 13.b3 b5 14.Bb2 b4 15.Rfe1 Ra5
16.a3 bxa3 17.Bxa3 Qb6 18.b4 Ra6 19.Qc3 Bxf3 20.Bxf3 d4 21.Qd2 Ra4 22.Reb1 Qb5
23.Qf4 Ne5 24.Bg2 Ng6  1/2-1/2

[Event "ch-NZL 2006-7"]
[Site "Wanganui NZL"]
[Date "2007.01.12"]
[Round "11"]
[White "Goodhue,N"]
[Black "Spain,G"]
[Result "0-1"]
[WhiteElo "2073"]
[BlackElo "2200"]

1.Nf3 d5 2.g3 Nf6 3.Bg2 c6 4.d3 Bg4 5.Nbd2 Nbd7 6.e4 dxe4 7.dxe4 e5 8.Qe2 Bc5
9.c3 a5 10.a4 O-O 11.h3 Bxf3 12.Nxf3 Qb6 13.O-O Rfe8 14.Nd2 h6 15.Kh1 Rad8
16.f4 exf4 17.gxf4 Nd5 18.Nc4 Qa6 19.Re1 f5 20.e5 N7b6 21.Nxb6 Qxe2 22.Rxe2 Nxb6
23.Bd2 Nc4 24.Be1 g5 25.Bg3 Rd3 26.Kh2 Ne3 27.Rae1 Nxg2 28.Kxg2 Kf7 29.Bf2 Bxf2
30.Rxf2 Ke6 31.Ree2 Rg8 32.Kh2 g4 33.hxg4 Rxg4 34.Re1 h5 35.Ree2 b5 36.axb5 cxb5
37.Re1 Rgg3 38.Ree2 a4 39.Re1 h4 40.Ree2 a3 41.bxa3 Rxc3 42.Rb2 Rh3+ 43.Kg2 Rcg3+
44.Kf1 Rb3 45.Kg2 Rbg3+ 46.Kf1 Rh1+ 47.Ke2 Rxa3 48.Rxb5 Ra2+ 49.Kf3 Rh3+
50.Kg2 Rg3+ 51.Kf1 Ra1+ 52.Ke2 h3 53.Rb2 Rg2 54.Rb6+ Kd7 55.Rd6+ Ke7 56.Rd2 Rxf2+
57.Kxf2 h2  0-1

[Event "75th Ambelokipi Open"]
[Site "Athens GRE"]
[Date "2007.01.13"]
[Round "1"]
[White "Skalkotas,N"]
[Black "Patrinos,I"]
[Result "1-0"]
[WhiteElo "2288"]
[BlackElo "1722"]

1.Nf3 d5 2.g3 e6 3.Bg2 c5 4.O-O Nf6 5.d3 Nc6 6.Nbd2 Be7 7.e4 dxe4 8.dxe4 e5
9.c3 Bg4 10.h3 Be6 11.Qe2 O-O 12.Nc4 Qc7 13.Nh4 g6 14.Bg5 Kg7 15.Nf3 h6 16.Bc1 b5
17.Na3 a6 18.Nd2 c4 19.Nc2 Rad8 20.Ne3 Rd3 21.Re1 Na5 22.Ndf1 Qa7 23.Nd5 Bd8
24.Nfe3 Nb7 25.Nb4 Rd6 26.a4 Na5 27.axb5 axb5 28.Ned5 Qb7 29.Nxf6 Nb3 30.Nh5+ gxh5
31.Qxh5 Bc8 32.Qxe5+ Rf6 33.Be3 Nxa1 34.Rxa1 Bc7 35.Bxh6+ Kxh6 36.Qxf6+ Kh7
37.e5 Qb6 38.Be4+ Kg8 39.Qg5+ Qg6 40.Bxg6 fxg6 41.Qxg6+ Kh8 42.Ra7  1-0

[Event "ch-BLR"]
[Site "Minsk BLR"]
[Date "2007.01.13"]
[Round "4"]
[White "Teterev,V"]
[Black "Novitzkij,D"]
[Result "1-0"]
[WhiteElo "2516"]
[BlackElo "2350"]

1.Nf3 d5 2.g3 g6 3.Bg2 Bg7 4.O-O e5 5.d3 Ne7 6.Nbd2 O-O 7.e4 Nbc6 8.c3 h6
9.Re1 Be6 10.b4 a6 11.Bb2 Qd7 12.a4 dxe4 13.dxe4 Rad8 14.Qe2 g5 15.Red1 Qd3
16.Bf1 Qxe2 17.Bxe2 Ng6 18.b5 Nb8 19.Nc4 Rd7 20.Ne3 Rfd8 21.Rdb1 g4 22.Ne1 h5
23.Bc1 a5 24.c4 Rd4 25.Bb2 Rxe4 26.Bd3 Red4 27.Bxd4 exd4 28.Nd5 Bxd5 29.cxd5 Rxd5
30.Rc1 Rd7 31.Bxg6 fxg6 32.Nd3 c6 33.Rab1 Rc7 34.bxc6 Nxc6 35.Rb5 Rf7 36.Kf1 Bf8
37.Rd1 Rd7 38.Re1 Kf7 39.Ree5 Bd6 40.Re4 Bf8 41.Ke2 Kg7 42.f3 gxf3+ 43.Kxf3 Rf7+
44.Ke2 Rd7 45.Rb6 Rc7 46.Nf4 Rd7 47.Ne6+ Kf7 48.Nf4 Bc5 49.Rb1 Nb4 50.Nd3 Nxd3
51.Kxd3 b6 52.Rf1+ Kg7 53.Re6 Rf7 54.Rxf7+ Kxf7 55.Rc6 Kg7 56.Ke4 Kh6 57.h3 Kg5
58.Re6 Kh6 59.Rf6 Kg7 60.Rf3 Kh6 61.Ke5 Kg5 62.Rd3 Kh6 63.Kf6 Bf8 64.Ke5 Bc5
65.Rb3 Kg7 66.Rf3 Kh6 67.Rb3 Kg5 68.Ke4 Kf6 69.Kd5 Kf5 70.Rf3+ Kg5 71.Ke6 Bb4
72.Ke5 Bc5 73.Rb3 Kh6 74.Kf6 Bb4 75.g4 Bc5 76.g5+ Kh7 77.Rd3 Bb4 78.Kf7 Bc5
79.Rd1 h4 80.Rd3 b5 81.axb5 a4 82.Rd2 a3 83.Ke6 d3 84.Kd5 Bb4 85.Rxd3 a2
86.Rd1 Bc3 87.b6 a1=Q 88.Rxa1 Bxa1 89.b7  1-0

[Event "XXXII Open"]
[Site "Seville ESP"]
[Date "2007.01.13"]
[Round "7"]
[White "Campora,D"]
[Black "Korneev,O"]
[Result "1-0"]
[WhiteElo "2510"]
[BlackElo "2606"]

1.Nf3 d5 2.g3 g6 3.Bg2 Bg7 4.c4 d4 5.d3 e5 6.O-O Ne7 7.b4 O-O 8.Nbd2 h6 9.Nb3 Nd7
10.a4 Rb8 11.e3 dxe3 12.Bxe3 b6 13.Ra2 Bb7 14.Re1 g5 15.Bc1 Ng6 16.a5 g4
17.Nfd2 Bxg2 18.Kxg2 f5 19.Nf1 Qf6 20.Ne3  1-0

[Event "Corus C"]
[Site "Wijk aan Zee NED"]
[Date "2007.01.13"]
[Round "1"]
[White "Bosboom,M"]
[Black "Jonkman,H"]
[Result "1/2-1/2"]
[WhiteElo "2375"]
[BlackElo "2425"]

1.Nf3 d5 2.g3 Bg4 3.Ne5 Be6 4.d4 Nd7 5.Nd3 Bf5 6.Bg2 e6 7.c4 c6 8.cxd5 cxd5
9.Nc3 Ne7 10.O-O Nc6 11.Nf4 Nf6 12.f3 g5 13.Nd3 h6 14.Be3 Bg7 15.Bf2 O-O
16.Qd2 Bh7 17.Rad1 Qe7 18.g4 Rfd8 19.h4 Ne8 20.hxg5 hxg5 21.e3 Rac8 22.Ne2 Nd6
23.b3 Qc7 24.Ng3 Qa5 25.b4 Qa3 26.e4 Bf6 27.e5 Nc4 28.Qe2 Be7 29.f4 Nxb4
30.f5 Qxa2 31.Qf3 Nd2 32.Qe3 Nc4 33.Qf3 Nd2 34.Qe3 Nc4  1/2-1/2

[Event "XXXII Open"]
[Site "Seville ESP"]
[Date "2007.01.14"]
[Round "8"]
[White "Garcia Luque,A"]
[Black "Lopez Rodriguez,F"]
[Result "1-0"]
[WhiteElo "2373"]
[BlackElo "2152"]

1.Nf3 d5 2.g3 c5 3.Bg2 Nc6 4.O-O e6 5.c4 Nf6 6.cxd5 exd5 7.d4 h6 8.Nc3 Be7
9.dxc5 Bxc5 10.a3 a5 11.Bf4 O-O 12.Rc1 Ba7 13.Nb5 Bb8 14.Bxb8 Rxb8 15.Nbd4 Qb6
16.Qb3 Qxb3 17.Nxb3 Re8 18.e3 Be6 19.Nfd4 Nxd4 20.Nxd4 Rbc8 21.h3 b6 22.Rfd1 Rxc1
23.Rxc1 Rc8 24.Rd1 h5 25.Bf1 Ne4 26.h4 Kf8 27.Ba6 Rc7 28.Bd3 Ke7 29.f3 Nd6
30.Kf2 g6 31.Ke2 Kf6 32.b3 Nf5 33.Bxf5 gxf5 34.Kd2 Bc8 35.Rc1 Rxc1 36.Kxc1 Ke5
37.Ne2 Be6 38.Kd2 f6 39.Kc3 b5 40.Nf4 Bf7 41.Nd3+ Kd6 42.Kd4 Bg8 43.b4 a4
44.Nf4 Bf7 45.Ne2 Be6 46.Nc3 Kc6 47.e4 dxe4 48.fxe4 fxe4 49.Nxe4 Bg4 50.Nxf6 Bd1
51.Ke5 Be2 52.Nd5 Bd1 53.Nf4 Bf3 54.Ne6 Bg4 55.Nd4+ Kb6 56.Kd6 Bd1 57.Nf5 Bg4
58.Ne3 Be2 59.Nd5+ Ka6 60.Kc5 Kb7 61.Nc3  1-0